MARC

LEADER 00000nam0a2200000 4500
001 86414
005 20231031101549.0
010 |a 5962600681  |b 3000 экз. 
021 |a RU  |b 05-32358  |9 05-1616 
035 |a (RuTPU)RU\TPU\book\92808 
090 |a 86414 
100 |a 20051128d2005 km y0rusy5002 ca 
101 0 |a rus 
102 |a RU 
105 |a a z 001zy 
200 1 |a Консалтинг в стиле гольф. Стратегический маркетинг консалтинговых бизнес-услуг  |f И. И. Боброва, В. А. Зимин 
210 |a Москва  |c Вершина  |d 2005 
215 |a 382 с.  |c ил.  |d 21 см. 
320 |a Глоссарий: с. 368-382 
610 1 |a экономика 
610 1 |a управление 
610 1 |a маркетинг 
610 1 |a бизнес-услуги 
610 1 |a консалтинг 
610 1 |a консалтинговые услуги 
610 1 |a конкуренция 
610 1 |a рынок 
610 1 |a сегментирование 
610 1 |a ценообразование 
610 1 |a CRM-маркетинг 
610 1 |a бэк-офис 
610 1 |a маркетинговые службы 
610 1 |a выставки 
610 1 |a интернет-маркетинг 
610 1 |a аутсорсинг 
610 1 |a маркетинговые инвестиции 
610 1 |a рейтинги 
610 1 |a бизнес-консультанты 
610 1 |a бизнес-каталоги 
610 1 |a бенчмаркинг 
686 |a У9(2)212  |v LBC/SL-A  |2 rubbk 
686 |a У9(2)212.4  |v LBC/SL-A  |2 rubbk 
700 1 |a Боброва  |b И. И.  |g Ирина Ивановна 
701 1 |a Зимин  |b В. А.  |g Виктор Алексеевич 
801 0 |a RU  |b RKP  |c 20050628  |g PSBO 
801 1 |a RU  |b 63413507  |c 20051128  |g PSBO 
801 2 |a RU  |b 63413507  |c 20120924  |g PSBO 
900 |a Консалтинг в связях с общественностью 
942 |c BK